[Event "Wattens op"]
[Site "Wattens"]
[Date "1997.??.??"]
[Round "?"]
[White "Pilz, Dieter"]
[Black "Kondrak, Christoph"]
[Result "1-0"]
[WhiteElo "2250"]
[BlackElo "2095"]

1.e4 c5 2.Nf3 Nc6 3.Bb5 Nd4 4.Nxd4 cxd4 5.O-O a6 6.Bc4 e6 7.d3 b5 8.Bb3 Bb7
9.f4 a5 10.a4 bxa4 11.Rxa4 Nf6 12.Kh1 Bc5 13.Nd2 Bc6 14.Rc4 Qb6 15.e5 Nd5
16.Rxc5 Qxc5 17.Ne4 Qe7 18.Nd6+ Kd8 19.Qe1 Kc7 20.Bxd5 Bxd5 21.c4 dxc3 22.bxc3 Rhb8
23.c4 Bc6 24.Ba3 Qd8 25.Nb5+ Rxb5 26.cxb5 Bxb5 27.Bd6+ Kb7 28.Qe4+ Ka6 29.Bc7 Qxc7
30.Qxa8+ Qa7 31.Qxa7+ Kxa7 32.Kg1 Bxd3 33.Ra1 Kb6 34.Kf2 Bb5 35.Ke3 a4 36.Kd4 Ka5
37.Kc5 Bc6 38.g3 Be4 39.h4 h5 40.Kc4 Bc6 41.Kc3 Bd5 42.Rb1 Bb3 43.g4 hxg4
44.Rg1 g6 45.Rxg4 Bd5 46.Rg5 a3 47.Rg1 a2 48.Kb2 Kb6 49.Rc1 Kb7 50.Rc5 Kb8
51.f5 Kb7 52.f6 Kb8 53.Rc3 Kb7 54.Rg3 Be4 55.h5 gxh5 56.Rg7 Kc6 57.Rxf7 Bg6
58.Rg7 Be8 59.f7 Bxf7 60.Rxf7 Kd5 61.Rxd7+ Kxe5 62.Rh7 Kf4 63.Rxh5 e5 64.Kxa2 e4
65.Kb2 Ke3 66.Kc2 Ke2 67.Rh2+  1-0

[Event "Wattens op"]
[Site "Wattens"]
[Date "1997.??.??"]
[Round "?"]
[White "Biriescu, Ioan"]
[Black "Popow, Alexander"]
[Result "1-0"]
[WhiteElo "2335"]
[BlackElo "2035"]

1.e4 c5 2.Nf3 Nc6 3.Bb5 Nd4 4.Bc4 e6 5.c3 Nxf3+ 6.Qxf3 a6 7.a4 Qf6 8.Qe2 Qg6
9.O-O Bd6 10.d3 Ne7 11.f4 f5 12.a5 Bc7 13.Be3 b6 14.axb6 Bxb6 15.Nd2 Bb7
16.b4 d5 17.Bb3 d4 18.Nc4 Bc7 19.cxd4 fxe4 20.Ba4+ Kd8 21.dxc5 exd3 22.Rad1 Bd5
23.Rxd3 Kc8 24.Nd6+ Kb8 25.b5 axb5 26.Rxd5 Ra5 27.Bc2 Qf6 28.Bd4 Nxd5 29.Bxf6 gxf6
30.Qxe6 Nb4 31.Be4 Rd8 32.Rb1 Na6 33.Nxb5 Rxb5 34.Rxb5+ Ka7 35.Rb7+  1-0

[Event "Wattens op"]
[Site "Wattens"]
[Date "1997.??.??"]
[Round "?"]
[White "Kuba, Guenter"]
[Black "Neumeier, Klaus"]
[Result "1/2-1/2"]
[WhiteElo "2215"]
[BlackElo "2250"]

1.e4 c5 2.Nf3 Nc6 3.Bb5 d6 4.O-O Bd7 5.Re1 a6 6.Bf1 Bg4 7.h3 Bh5 8.d3 Nf6
9.c3 e6 10.Be3 Be7 11.Nbd2 O-O 12.Qc2 Rc8 13.Nh2 d5 14.f4 Bg6 15.g4 h6 16.Bg2 b5
17.f5 Bh7 18.Rad1 Qc7 19.Nhf3 c4 20.dxc4 dxe4 21.Nxe4 bxc4 22.Nd4 Nxd4 23.Bxd4 Nxe4
24.Qxe4 Bc5 25.Qf3  1/2-1/2

[Event "VAM Hoogeveen op"]
[Site "Wijk aan Zee"]
[Date "1997.??.??"]
[Round "1"]
[White "Psakhis, Lev"]
[Black "Vedder, Richard"]
[Result "1-0"]
[WhiteElo "2565"]
[BlackElo "2255"]

1.e4 c5 2.Nf3 Nc6 3.Bb5 g6 4.Bxc6 dxc6 5.h3 Bg7 6.d3 Nf6 7.Nc3 O-O 8.Be3 Nd7
9.Qd2 e5 10.Bh6 Qf6 11.O-O-O Re8 12.h4 Bxh6 13.Qxh6 Qg7 14.Qe3 f6 15.Rdg1 b6
16.g4 h6 17.g5 fxg5 18.hxg5 h5 19.Nh4 Nf8 20.f4 exf4 21.Qxf4 Bg4 22.Rf1 Re5
23.Qf6 Rae8 24.Qxc6 R8e6 25.Qa4 Rxg5 26.Nd5 Rge5 27.Kb1 Rd6 28.Ne3 Rd4 29.Qa3 Rg5
30.Qc3 Rd6 31.Qd2 Rf6 32.Nd5 Rxf1+ 33.Rxf1 Ne6 34.Nf6+ Kh8 35.Qh2 Qc7 36.e5 Qg7
37.Ne4 Rf5 38.Nxf5 Bxf5 39.Nf6 Qf7 40.Qh4 Nd4 41.Qg5 Qg7 42.Rh1  1-0

[Event "VAM Hoogeveen op"]
[Site "Wijk aan Zee"]
[Date "1997.??.??"]
[Round "2"]
[White "Van der Weide, Karel"]
[Black "De Vreugt, Dennis"]
[Result "1-0"]
[WhiteElo "2375"]
[BlackElo "2295"]

1.e4 c5 2.Nf3 Nc6 3.Bb5 g6 4.Bxc6 dxc6 5.d3 Bg7 6.Nc3 Nf6 7.Be3 b6 8.h3 O-O
9.Qd2 Re8 10.O-O-O a5 11.Nh2 a4 12.f4 Nd7 13.g4 b5 14.e5 b4 15.Ne4 Ra5 16.Nf3 Nb8
17.Bxc5 b3 18.cxb3 axb3 19.a3 Na6 20.Be3 c5 21.Qc3 Be6 22.Nxc5 Nxc5 23.Bxc5 Bd5
24.d4 Qa8 25.Rhf1 f6 26.Ne1 fxe5 27.fxe5 Ra4 28.Kb1 Rc8 29.Qe3 Be4+ 30.Nd3 h6
31.Rfe1 Bf3 32.Rc1 e6 33.Nf4 Rxc5 34.Rxc5 Bf8 35.Nxe6 Bxc5 36.Nxc5 Rc4 37.Qxb3 Bd5
38.Qb6  1-0

[Event "VAM Hoogeveen op"]
[Site "Wijk aan Zee"]
[Date "1997.??.??"]
[Round "6"]
[White "Vedder, Richard"]
[Black "Van Rijn, Wouter"]
[Result "1-0"]
[WhiteElo "2255"]
[BlackElo "2235"]

1.e4 c5 2.Nf3 Nc6 3.Bb5 e6 4.O-O d6 5.c3 Bd7 6.d4 Nf6 7.Re1 Be7 8.a4 O-O
9.d5 exd5 10.exd5 Nb8 11.Bxd7 Qxd7 12.c4 Na6 13.Ra3 Rae8 14.Rae3 Bd8 15.Nc3 Nb4
16.Bd2 a6 17.Qb1 Rxe3 18.Rxe3 g6 19.b3 Ng4 20.Re1 Nf6 21.Ng5 Re8 22.Nge4 Nxe4
23.Nxe4 f5 24.Ng5 Bxg5 25.Bxg5 Kf7 26.Kf1 Rxe1+ 27.Qxe1 Qe8 28.Qc3 Qe5 29.Qxe5 dxe5
30.Be3 Nd3 31.Ke2 e4 32.f3 Kf6 33.Bd2 Ke5 34.Bc3+ Kd6 35.fxe4 fxe4 36.Ke3 Nc1
37.b4 Na2 38.bxc5+ Kxc5 39.Bd2 b5 40.axb5 axb5 41.cxb5 Kxd5 42.b6 Kc6 43.Kxe4 Kxb6
44.Kf4 Kc5 45.Kg5 Kd4 46.Kh6 Kd3 47.Bg5 Ke2 48.Kxh7 Kf2 49.Kxg6  1-0

[Event "Hoogovens-B"]
[Site "Wijk aan Zee"]
[Date "1997.??.??"]
[Round "8"]
[White "Janssen, Ruud"]
[Black "Atalik, Suat"]
[Result "1-0"]
[WhiteElo "2350"]
[BlackElo "2555"]

1.e4 c5 2.Nf3 Nc6 3.Bb5 g6 4.O-O Bg7 5.Re1 Nf6 6.e5 Nd5 7.Nc3 Nc7 8.Bxc6 dxc6
9.Ne4 Bg4 10.Nxc5 Qd5 11.d4 O-O 12.c3 Ne6 13.Ne4 Rfd8 14.h3 Bf5 15.Ng3 c5
16.Nh4 Bxe5 17.Ngxf5 gxf5 18.Qh5 Ng7 19.Nxf5 Nxh5 20.Nxe7+ Kf8 21.Nxd5 Bg7
22.c4 Bxd4 23.Bh6+ Kg8 24.g4 Nf6 25.Bg5 Kg7 26.Rad1 Bxb2 27.Rb1 Bd4 28.Bxf6+ Bxf6
29.Rxb7 Rdb8 30.Rc7 Bd4 31.Ree7 Rb1+ 32.Kg2 Rf8 33.Ne3 a5 34.Nf5+ Kg6 35.Rc6+ Bf6
36.Rd7 Re8 37.Rdd6 Re6 38.Rxe6 fxe6 39.Rxe6 Rb2 40.Rc6 Rxa2 41.Rxc5 a4 42.Ra5 h5
43.c5 hxg4 44.hxg4 Bc3 45.Ra6+ Kg5 46.Re6 Kxg4 47.Ne3+ Kg5 48.c6 Be1 49.Kf1 Bb4
50.Re5+ Kg6 51.Re4 Ba5 52.Rc4 a3 53.c7 Bxc7 54.Rxc7 Rb2 55.Ra7 a2 56.Kg2 Rd2
57.Nc4 Rc2 58.Ne5+ Kf5 59.Nd3 Ke4 60.Nb4 Rb2 61.Nxa2 Kd3 62.Ra4  1-0

[Event "Wuerttemberg-ch"]
[Site "Willsbach"]
[Date "1997.??.??"]
[Round "1"]
[White "Klaus, Ingo"]
[Black "Duppel, Matthias"]
[Result "1-0"]
[WhiteElo "2125"]
[BlackElo "2315"]

1.e4 c5 2.Nf3 Nc6 3.Bb5 e6 4.O-O Nge7 5.Re1 a6 6.Bf1 d5 7.exd5 Nxd5 8.d4 cxd4
9.Nxd4 Be7 10.Nxc6 bxc6 11.c4 Nb4 12.Nc3 c5 13.Qf3 Bd7 14.Rd1 Nc2 15.Rb1 Nd4
16.Qh5 O-O 17.Bd3 f5 18.Bf4 Bc6 19.Rd2 Ra7 20.Re1 Rd7 21.Qd1 Rf6 22.Re3 Rg6
23.Rg3 Bf6 24.Be3 Rxg3 25.hxg3 g6 26.Ne2 e5 27.Nxd4 cxd4 28.Bh6 Qa5 29.a3 e4
30.Bb1 Qc5 31.Ba2 e3 32.b4 Qe5 33.fxe3 Qxg3 34.Bf4 Qg4 35.c5+ Kh8 36.Qxg4 fxg4
37.exd4 Bxd4+ 38.Rxd4 Rf7 39.g3 Kg7  1-0

[Event "Wuerttemberg-ch"]
[Site "Willsbach"]
[Date "1997.??.??"]
[Round "5"]
[White "Schoof, Martin"]
[Black "Duppel, Matthias"]
[Result "1/2-1/2"]
[WhiteElo "2310"]
[BlackElo "2315"]

1.e4 c5 2.Nf3 Nc6 3.Bb5 g6 4.O-O Bg7 5.Re1 Nf6 6.c3 O-O 7.e5 Nd5 8.Qb3 Nc7
9.Bf1 d5 10.h3 Bf5 11.d4 c4 12.Qd1 b5 13.b3 f6 14.Bf4 Be4 15.Nbd2 Bf5 16.Qc1 g5
17.Bh2 Qd7 18.a4 a6 19.Qa3 Ra7 20.exf6 exf6 21.Qd6 Rd8 22.Qxd7 Rxd7 23.axb5 axb5
24.Rxa7 Nxa7 25.g4 Bc2 26.b4 Kf7 27.h4 h6 28.hxg5 hxg5 29.Ra1 Nc6 30.Ne1 Ba4
31.Ng2 Bf8 32.Ne3 Bd6 33.Bg2 Bxh2+ 34.Kxh2 Ne7 35.Kg3 Ne6 36.Rh1 Kg7 37.Bf1 Nf4
38.Ng2 Neg6 39.Ne3 Ne7 40.Ng2 Neg6 41.Ne3 Ne7  1/2-1/2

[Event "Oberliga Wuert9697"]
[Site "Wuerttemberg"]
[Date "1997.??.??"]
[Round "?"]
[White "Holzhaeuer, Mathias"]
[Black "Oberst, Thomas"]
[Result "1-0"]
[WhiteElo "2360"]
[BlackElo "2290"]

1.e4 c5 2.Nf3 Nc6 3.Bb5 Na5 4.c3 a6 5.Be2 Nf6 6.e5 Nd5 7.d4 cxd4 8.c4 Nc7
9.Nxd4 g6 10.Bf4 Bg7 11.Nc3 Ne6 12.Nxe6 fxe6 13.h4 Qc7 14.h5 g5 15.h6 Bxe5
16.Bxe5 Qxe5 17.Qd3 b5 18.cxb5 d5 19.Qe3 Qf6 20.Bh5+ Kd7 21.Ne4 Qxb2 22.O-O Nc4
23.Nc5+ Kd6 24.Ne4+ Kd7 25.Qd3 axb5 26.Nc3 Ra3 27.Rac1 b4 28.Qd4 Rf8 29.Bg4 Rxc3
30.Qxd5+ Kc7 31.Qc5+ Kb8 32.Rb1 Qa3 33.Rxb4+ Bb7 34.Qxe7 Na5 35.Qxf8+ Ka7
36.Rfb1 Rc1+ 37.Kh2 Rxb1 38.Rxb7+ Rxb7 39.Qxa3 Ka6 40.Bxe6  1-0

[Event "Zagreb op"]
[Site "Zagreb"]
[Date "1997.??.??"]
[Round "1"]
[White "Nikolac, Juraj"]
[Black "Maslac, Zvonimir"]
[Result "1-0"]
[WhiteElo "2455"]
[BlackElo "2060"]

1.e4 c5 2.Nf3 Nc6 3.Bb5 g6 4.O-O Bg7 5.c3 Nf6 6.Re1 O-O 7.d4 cxd4 8.cxd4 d6
9.h3 a6 10.Bf1 Bd7 11.Nc3 Rc8 12.Bg5 b5 13.a4 b4 14.Na2 a5 15.Nc1 h6 16.Bf4 Nh5
17.Be3 e6 18.Nb3 Nf6 19.Bd3 Ne7 20.Nfd2 Ne8 21.Qe2 e5 22.dxe5 dxe5 23.Nc4 Nc6
24.Nb6 Rb8 25.Nxd7 Qxd7 26.Bb5 Qb7 27.Rac1 Nd4 28.Bxd4 exd4 29.Nxa5 Qa8 30.Nc6 Rxb5
31.Qxb5 d3 32.Qxb4 Nf6 33.e5 Nd7 34.Qd4 Nb6 35.a5 Na4 36.Red1  1-0

[Event "Zagreb op"]
[Site "Zagreb"]
[Date "1997.??.??"]
[Round "8"]
[White "Majeric, Zoran"]
[Black "Vitaljic, Nebojsa"]
[Result "0-1"]
[WhiteElo "2355"]
[BlackElo "2185"]

1.e4 c5 2.Nf3 Nc6 3.Bb5 g6 4.O-O Bg7 5.Re1 e6 6.c3 Nge7 7.d4 cxd4 8.cxd4 Qb6
9.Bxc6 dxc6 10.Na3 O-O 11.Nc4 Qc7 12.Bg5 b5 13.Bxe7 Qxe7 14.Nce5 c5 15.d5 exd5
16.exd5 Qd6 17.Qb3 a6 18.Rad1 c4 19.Qe3 Bb7 20.b3 cxb3 21.Qxb3 Rfe8 22.Nc4 Rxe1+
23.Nxe1 Qxd5 24.Rxd5 Bxd5 25.Qc2 bxc4 26.Qd2 Be6 27.h4 c3 28.Qe2 h5 29.Kh2 Bf5
30.a4 Kf8 31.Nc2 Re8 32.Qd1 a5 33.Ne3 Rxe3 34.fxe3 Be5+ 35.g3 c2 36.Qc1 Kg7
37.Kg2 Be4+ 38.Kf2 Bc3 39.Ke2 Kf6 40.Qa3 Bb4 41.Qb2+ Kf5 42.Qc1 Kg4  0-1

[Event "Zagreb"]
[Site "Zagreb"]
[Date "1997.??.??"]
[Round "10"]
[White "Levacic, Patrick"]
[Black "Jelen, Igor"]
[Result "1-0"]
[WhiteElo "2350"]
[BlackElo "2405"]

1.e4 c5 2.Nf3 Nc6 3.Bb5 g6 4.Bxc6 dxc6 5.d3 Bg7 6.Nc3 Bg4 7.h3 Bxf3 8.Qxf3 Nf6
9.O-O O-O 10.Qg3 Nh5 11.Qh4 e5 12.Bg5 Bf6 13.Bxf6 Qxf6 14.Qxf6 Nxf6 15.f4 exf4
16.Rxf4 Nd7 17.g4 Ne5 18.Kg2 Kg7 19.Nd1 Rad8 20.Ne3 Rh8 21.a4 h5 22.Raf1 Rd7
23.g5 Rhd8 24.b3 Kf8 25.Rf6 Ke8 26.a5 a6 27.Kg3 Re7 28.Nc4 Nxc4 29.bxc4 Rdd7
30.Kf4 Rd4 31.h4 Red7 32.Ke3 R4d6 33.R6f4 Kf8 34.Rd1 Ke8 35.c3 Re7 36.Rd2 Re5
37.Rb2 Rd7 38.Ra2 Ree7 39.d4 Kd8 40.Rd2 Kc7 41.d5 Rd6 42.Rf6 Rxf6 43.gxf6 Re8
44.Kf4 cxd5 45.cxd5 b5 46.axb6+ Kxb6 47.e5 Kc7 48.e6 fxe6 49.f7 e5+ 50.Kg5 Rf8
51.d6+  1-0

[Event "CZE-ch"]
[Site "Zlin"]
[Date "1997.??.??"]
[Round "4"]
[White "Velicka, Petr"]
[Black "Babula, Vlastimil"]
[Result "1/2-1/2"]
[WhiteElo "2405"]
[BlackElo "2535"]

1.e4 c5 2.Nf3 Nc6 3.Bb5 d6 4.Bxc6+ bxc6 5.O-O Bg4 6.d3 Nf6 7.h3 Bh5 8.Nbd2 e6
9.e5 dxe5 10.Qe1 c4 11.Nxc4 Bxf3 12.gxf3 Qd5 13.Nxe5 Bd6 14.f4 Nd7 15.Nxd7 Kxd7
16.Qe4 Qh5 17.Kg2 g5 18.fxg5 h6 19.Qf3 Qg6 20.Qf6 Qh5 21.Qf3 Qg6 22.Qf6 Qh5  1/2-1/2

[Event "Weihnachts op-M 21th"]
[Site "Zuerich"]
[Date "1997.??.??"]
[Round "?"]
[White "Pikula, Dejan"]
[Black "Maeser, Fabian"]
[Result "1-0"]
[WhiteElo "2465"]
[BlackElo "2315"]

1.e4 c5 2.Nf3 Nc6 3.Bb5 g6 4.O-O Bg7 5.Bxc6 bxc6 6.h3 d6 7.Re1 Nh6 8.c3 O-O
9.d4 cxd4 10.cxd4 f6 11.Nc3 Nf7 12.b3 Bd7 13.Bb2 Qb6 14.Rc1 Qb7 15.Rc2 Rad8
16.Rd2 Qc8 17.Ne2 Bh6 18.Rd3 Qa6 19.Nc3 e5 20.Qc2 Bg7 21.Red1 exd4 22.Nxd4 Ne5
23.Rg3 c5 24.Nde2 f5 25.f4 Nf7 26.Nd5 Nh6 27.Bxg7 Kxg7 28.Qb2+ Kg8 29.Nf6+ Rxf6
30.Qxf6 Rf8 31.Rxg6+ hxg6 32.Qxg6+ Kh8 33.Qxh6+  1-0

[Event "NLD-sf"]
[Site "Enschede"]
[Date "1998.01.03"]
[Round "1"]
[White "Van Haastert, Edwin"]
[Black "Blokhius, Jeroen"]
[Result "1-0"]
[WhiteElo "2335"]
[BlackElo "2205"]

1.e4 c5 2.Nf3 Nc6 3.Bb5 g6 4.Bxc6 dxc6 5.d3 Bg7 6.O-O Nf6 7.Nc3 b6 8.h3 Qc7
9.Be3 e5 10.Qd2 h6 11.a3 g5 12.b4 cxb4 13.axb4 O-O 14.h4 g4 15.Bxh6 gxf3
16.Bxg7 Kxg7 17.Qg5+ Kh7 18.Qxf6 fxg2 19.Rfe1 Rg8 20.h5 Bg4 21.Re3 Rae8 22.Rg3 Qe7
23.Qxe7 Rxe7 24.b5 Bxh5 25.Rxg8 Kxg8 26.bxc6 Bf3 27.Re1 Kf8 28.Re3 Bg4 29.Nd5 Re8
30.Nf6  1-0

[Event "NLD-sf"]
[Site "Enschede"]
[Date "1998.01.07"]
[Round "5"]
[White "Van Baarle, C John"]
[Black "Blokhius, Jeroen"]
[Result "1-0"]
[WhiteElo "2295"]
[BlackElo "2205"]

1.e4 c5 2.Nf3 Nc6 3.Bb5 Qc7 4.O-O Nf6 5.Re1 g6 6.c3 e5 7.d4 cxd4 8.cxd4 exd4
9.Nxd4 Qe5 10.Be3 Ng4 11.Qxg4 Nxd4 12.Bxd4 Qxd4 13.Nc3 Bc5 14.Qg3 O-O 15.e5 a6
16.Ba4 b5 17.Bb3 b4 18.Ne4 Be7 19.Rad1 Qb6 20.h4 a5 21.Nd6 Bxd6 22.Rxd6 Qc5
23.h5 Ba6 24.hxg6 Bc4 25.gxf7+ Kh8 26.Rc1  1-0

[Event "Zagreb op"]
[Site "Zagreb"]
[Date "1998.01.07"]
[Round "5"]
[White "Loncar, Robert"]
[Black "Takac, Zvonko"]
[Result "1-0"]
[WhiteElo "2405"]
[BlackElo "2190"]

1.e4 c5 2.Nf3 Nc6 3.Bb5 e6 4.O-O Nge7 5.Re1 d6 6.c3 g6 7.d4 cxd4 8.cxd4 a6
9.Bf1 d5 10.Nc3 Bg7 11.e5 h6 12.Bd3 O-O 13.Be3 Nf5 14.Bxf5 gxf5 15.Ne2 f6
16.exf6 Qxf6 17.Nf4 Qf7 18.Rc1 Bd7 19.Nd3 Be8 20.Bf4 Kh7 21.Nde5 Nxe5 22.Bxe5 Bxe5
23.Nxe5 Qe7 24.Qb3 Bf7 25.Qb6 Rfc8 26.h3 Be8 27.Nd3 Rc6 28.Rxc6 Bxc6 29.Nf4 Qd6
30.Nxe6 Qe7 31.Re5 Re8 32.Nf4 Qf7 33.Rxe8 Qxe8 34.Qc7+ Kg8 35.Qe5 Qxe5 36.dxe5 Kf7
37.Ne2 Bb5 38.Nd4 Bd3 39.g3 a5 40.f3 a4 41.a3 h5 42.h4 Ke7 43.Kf2 Kf7 44.Ke3 Bb1
45.Nb5 Ke6 46.Kd4 Ba2 47.Nc7+  1-0

[Event "Ano Liosia op"]
[Site "Athens"]
[Date "1998.01.09"]
[Round "7"]
[White "Nevednichy, Vladislav"]
[Black "Tzermiadianos, Andreas"]
[Result "0-1"]
[WhiteElo "2550"]
[BlackElo "2445"]

1.e4 c5 2.Nf3 Nc6 3.Bb5 g6 4.Bxc6 dxc6 5.d3 Bg4 6.Nbd2 Bg7 7.O-O Nf6 8.h3 Bxf3
9.Nxf3 Nd7 10.Qe2 e5 11.a3 O-O 12.b4 Re8 13.Rb1 Qc7 14.Be3 Bf8 15.Nd2 b5
16.f4 cxb4 17.axb4 exf4 18.Bxf4 Bd6 19.Bxd6 Qxd6 20.Qf2 f6 21.d4 Kh8 22.Kh1 a5
23.bxa5 Rxa5 24.Rbe1 Raa8 25.Nf3 Rf8 26.Qh4 Rae8 27.Qh6 Qe7 28.c3 Qg7 29.Qf4 Qe7
30.Qc7 Rc8 31.Qb7 Qd6 32.e5 fxe5 33.Ng5 Kg8 34.dxe5 Qc7 35.Rxf8+ Nxf8 36.Qa6 Re8
37.Qa2+ Ne6 38.Qb3 Qe7 39.Ne4 Kg7 40.Nf6 Rd8 41.Rf1 Nc7 42.c4 Qe6 43.Qb4 bxc4
44.Qb7 Qxe5 45.Ng4 Qd6 46.Qb2+ Qd4 47.Qb7 Qd6 48.Qb2+ Qd4 49.Qe2 Re8 50.Qf3 Kh8
51.Qxc6 Re7 52.Qb7  0-1

[Event "NLD-sf"]
[Site "Enschede"]
[Date "1998.01.09"]
[Round "7"]
[White "Van der Weide, Karel"]
[Black "Janssen, Ruud"]
[Result "1-0"]
[WhiteElo "2450"]
[BlackElo "2290"]

1.e4 c5 2.Nf3 Nc6 3.Bb5 d6 4.O-O Bd7 5.Re1 Nf6 6.c3 a6 7.Bf1 Bg4 8.h3 Bxf3
9.Qxf3 g6 10.d3 Bg7 11.Be3 O-O 12.Nd2 Nd7 13.Nb3 Rc8 14.Qd1 b5 15.d4 cxd4
16.cxd4 Na5 17.Nxa5 Qxa5 18.a4 b4 19.Qb3 Rc7 20.Rec1 Rfc8 21.Rc4 Rxc4 22.Bxc4 Rf8
23.Bd5 Nb6 24.Bc6 Rc8 25.Rc1 h5 26.f4 e6 27.Kh1 d5 28.Rc5  1-0

[Event "Petah Tiqwa Liberman"]
[Site "Petah Tiqwa"]
[Date "1998.01.11"]
[Round "6"]
[White "Zalkind, Karmi"]
[Black "Tsesarsky, Ilya"]
[Result "1/2-1/2"]
[WhiteElo "2275"]
[BlackElo "2425"]

1.e4 c5 2.Nf3 Nc6 3.Bb5 e6 4.O-O Nge7 5.b3 Ng6 6.Bb2 f6 7.c3 a6 8.Be2 d5
9.exd5 exd5 10.d4 cxd4 11.Nxd4 Bd6 12.c4 Be5 13.Na3 Qb6 14.Nac2 dxc4 15.Bxc4 Bd7  1/2-1/2

[Event "Melbourne Black Opal"]
[Site "Melbourne"]
[Date "1998.01.12"]
[Round "1"]
[White "West, Guy"]
[Black "Rogers, Ian"]
[Result "0-1"]
[WhiteElo "2410"]
[BlackElo "2570"]

1.e4 c5 2.Nf3 Nc6 3.Bb5 e6 4.Bxc6 bxc6 5.O-O Ne7 6.d3 Ng6 7.Nc3 e5 8.Ne2 d6
9.Nd2 Be7 10.f4 exf4 11.Nf3 Qb6 12.Kh1 O-O 13.Nxf4 Nxf4 14.Bxf4 Qxb2 15.e5 d5
16.Rb1 Qxa2 17.Ra1 Qb2 18.Rb1 Qa3 19.Bg5 Bxg5 20.Nxg5 h6 21.Nxf7 Rxf7 22.Rxf7 Kxf7
23.Qh5+ Kg8 24.Qe8+ Kh7 25.h3 c4 26.Rf1 cxd3 27.cxd3 Bb7 28.Qf7 Ba6 29.e6 Bxd3
30.Rf3 Qa1+ 31.Kh2 Bg6  0-1

[Event "CZE-chT 9798"]
[Site "CZE"]
[Date "1998.01.17"]
[Round "5"]
[White "Plachetka, Jan"]
[Black "Oral, Tomas"]
[Result "0-1"]
[WhiteElo "2425"]
[BlackElo "2455"]

1.e4 c5 2.Nf3 Nc6 3.Bb5 e6 4.O-O Nge7 5.c3 a6 6.Ba4 b5 7.Bc2 c4 8.b3 Ng6
9.a4 Bb7 10.Na3 cxb3 11.Bxb3 b4 12.Nc4 Na5 13.Nxa5 Qxa5 14.Re1 bxc3 15.dxc3 Bc5
16.Rb1 Qc7 17.Be3 Bxe3 18.Rxe3 O-O 19.Nd4 Rab8 20.Qh5 Qe5 21.Nf5 exf5 22.exf5 Be4
23.Rh3 h6  0-1

[Event "Petah Tiqwa Liberman"]
[Site "Petah Tiqwa"]
[Date "1998.01.20"]
[Round "9"]
[White "Krays, Alexander"]
[Black "Tsesarsky, Ilya"]
[Result "0-1"]
[WhiteElo "2375"]
[BlackElo "2425"]

1.e4 c5 2.Nf3 Nc6 3.Bb5 e6 4.O-O Nge7 5.b3 Ng6 6.Bb2 Qc7 7.Re1 f6 8.Bf1 Be7
9.c4 O-O 10.Nc3 Nge5 11.Nb5 Qb6 12.d3 a6 13.Na3 Qa7 14.Nc2 b5 15.Nd2 bxc4
16.bxc4 Rb8 17.Bc3 d6 18.f4 Nd7 19.g3 Nb6 20.Ne3 Nd4 21.Rb1 Bd7 22.Ba1 f5
23.exf5 exf5 24.Bg2 Bf6 25.Nb3 Ba4 26.Qd2 Bxb3 27.axb3 a5 28.Nc2 Nd7 29.Nxd4 cxd4
30.Bd5+ Kh8 31.Qf2 Qc5 32.h3 Rbe8 33.Be6 Nb8 34.Bb2 Re7 35.Ra1 Na6 36.Ba3 Nb4
37.Bxb4 axb4 38.Qf3 g6 39.Ra8 Kg7 40.g4 fxg4 41.hxg4 Ra7 42.Rxf8 Kxf8 43.g5 Bd8
44.Qh3 Qc7 45.f5 Bxg5 46.fxg6 Be3+ 47.Kh1 hxg6 48.Rf1+ Kg7 49.Rf7+ Qxf7 50.Bxf7 Rxf7
51.Qe6 Rf1+ 52.Kg2 Rf2+ 53.Kg3 g5 54.Qd7+ Rf7 55.Qb5 Bd2 56.Qb6 Be3 57.Qxb4 Rf1
58.Qb7+ Kh6 59.Qd5 Kh5 60.Qe4 Rg1+ 61.Kh2 Rb1 62.Qe8+ Kg4 63.Qe6+ Kf3 64.Qe4+ Ke2
65.Qg4+ Kd2 66.Qe6 Rb2 67.Kg3 Kxd3 68.Qf5+ Kc3 69.c5 dxc5 70.Qxc5+ Kxb3 71.Qb5+ Kc3
72.Qc5+ Kd2  0-1

[Event "Ubeda op"]
[Site "Ubeda"]
[Date "1998.01.21"]
[Round "2"]
[White "Ardeleanu, Alin"]
[Black "Degraeve, Jean Marc"]
[Result "1-0"]
[WhiteElo "2420"]
[BlackElo "2525"]

1.e4 c5 2.Nf3 Nc6 3.Bb5 d6 4.O-O Bd7 5.Re1 a6 6.Bxc6 Bxc6 7.d4 cxd4 8.Nxd4 Nf6
9.Nxc6 bxc6 10.c4 e6 11.Nc3 Be7 12.Bf4 O-O 13.e5 dxe5 14.Bxe5 Qa5 15.Qf3 Nd7
16.Bg3 Nc5 17.a3 Nb3 18.Rad1 Rac8 19.Re5 Qb6 20.Na4 Qb7 21.Rd3 Nc1 22.Rc3 Na2
23.Rc2 Rfd8 24.Re1 Rd7 25.b3 Rcd8 26.Rxa2 Rd3 27.Qe2 Qxb3 28.Qc2 Qxc2 29.Rxc2 Rxa3
30.Nb6 Bb4 31.Rb1 c5 32.Rcc1 f6 33.h3 Kf7 34.Rd1 Rad3 35.Rxd3 Rxd3 36.f3 a5
37.Bf2 e5 38.Na4 Ra3 39.Nxc5 Rc3 40.Na6 Rxc4 41.Nxb4 Rxb4 42.Rxb4 axb4 43.Be1 b3
44.Bc3 Ke6 45.Kf2 h5 46.Ke3 Kf5 47.g3 g6 48.Bb2 g5 49.g4+ hxg4 50.hxg4+  1-0

[Event "Pobeskydi"]
[Site "Frydek-Mistek"]
[Date "1998.01.27"]
[Round "7"]
[White "Biolek, Richard"]
[Black "Kubala, Petr"]
[Result "1-0"]
[WhiteElo "2425"]
[BlackElo "2315"]

1.e4 c5 2.Nf3 Nc6 3.Bb5 g6 4.O-O Bg7 5.Re1 Nh6 6.c3 O-O 7.d3 d6 8.Nbd2 Bd7
9.Nf1 a6 10.Ba4 b5 11.Bb3 Rc8 12.a3 Kh8 13.h3 Na5 14.Ba2 c4 15.d4 e6 16.Bf4 Bc6
17.Qd2 Ng8 18.Ng3 Ba8 19.Rad1 f6 20.Qe2 Ne7 21.Bb1 Qd7 22.h4 Rce8 23.h5 g5
24.Bc1 Nb3 25.Qc2 Nxc1 26.Rxc1 Bh6 27.Rcd1 f5 28.d5 e5 29.Nxf5 Nxf5 30.exf5 g4
31.Nh2 Qg7 32.g3 Rf7 33.Re4 Qg5 34.Rxg4 Qxh5 35.Rh4 Qg5 36.Ng4 Rf6 37.Nxf6 Qxf6
38.Kg2 Rg8 39.Rdh1 Bxd5+ 40.f3 Rxg3+ 41.Kxg3 Qg5+ 42.Rg4 Qe3 43.Qf2 Bf4+
44.Kg2  1-0

[Event "AUT-chT3 9798"]
[Site "Vorarlberg "]
[Date "1998.01.30"]
[Round "7"]
[White "Planatscher, Alois"]
[Black "Stenek, Bruno"]
[Result "0-1"]
[WhiteElo "1925"]
[BlackElo "1801"]

1.e4 c5 2.Nf3 Nc6 3.Bb5 d6 4.O-O Bd7 5.c3 Nf6 6.Re1 a6 7.Bf1 e6 8.d4 cxd4
9.cxd4 e5 10.d5 Na7 11.Nc3 Be7 12.a4 b5 13.Qb3 bxa4 14.Nxa4 Rb8 15.Qe3 Nb5
16.Nc3 Ng4 17.Qd2 Qb6 18.h3 Nf6 19.Qd3 O-O 20.Be3 Qb7 21.Ra2 Rfc8 22.Nd2 Bd8
23.Rea1 Nxc3 24.bxc3 a5 25.Nc4 Bb5 26.Nxd6 Bxd3 27.Nxb7 Rxb7 28.Bxd3 Rxc3
29.Ra3 Rbb3 30.Rxb3 Rxb3 31.Bc2 Rc3 32.Ra2 Kf8 33.Kf1 Nd7 34.Ke2 Ke7 35.Bd2 Rc8
36.f3 Kd6 37.Ba4 Nc5 38.Bc6 Nb3 39.Bc3 Nc1+ 40.Kd2 Nxa2 41.Bb2 Nb4 42.Ba3 Rxc6
43.dxc6 Kxc6 44.Bb2 f6 45.g3 Kb5 46.f4 Bc7 47.Ke3 Kc4  0-1

[Event "FRA-chT"]
[Site "FRA"]
[Date "1998.02.06"]
[Round "1"]
[White "Daly, Colm"]
[Black "Glavina, Pablo"]
[Result "0-1"]
[WhiteElo "2320"]
[BlackElo "2425"]

1.e4 c5 2.Nf3 Nc6 3.Bb5 d6 4.Bxc6+ bxc6 5.h3 g6 6.d3 Bg7 7.O-O Nh6 8.c3 O-O
9.d4 Qa5 10.Re1 f6 11.Nbd2 cxd4 12.cxd4 Nf7 13.Qc2 Bd7 14.Nf1 Rab8 15.Bd2 Qb5
16.b4 e5 17.a4 Qb6 18.dxe5 fxe5 19.Ne3 Be6 20.Rac1 Rfc8 21.Nc4 Qd8 22.Qd3 Rb7
23.Re2 Rbc7 24.Bc3 Qe7 25.Rce1 Bxc4 26.Qxc4 d5 27.Qb3 d4 28.Bd2 c5 29.bxc5 Rxc5
30.Bb4 Qb7 31.Rb2 R5c6 32.Reb1 Bf6 33.Qd1 Rb6 34.Qe2 Qd7 35.a5 Rb5 36.Ne1 Bd8
37.Bd2 Rxb2 38.Rxb2 Nd6 39.Nd3 Bf6 40.f4 Nc4 41.Rc2 Nxd2 42.Qxd2 Rxc2 43.Qxc2 exf4
44.Qb3+ Kg7 45.a6 Kh6 46.Qb7 Qa4 47.Nf2 Qa1+ 48.Kh2 Qe1 49.Ng4+ Kg5 50.Qb5+ Kh4
51.Nxf6 Qg3+ 52.Kg1 d3 53.Qb4 Qe3+ 54.Kf1 Qe2+ 55.Kg1 Kg3  0-1

[Event "FRA-chT"]
[Site "FRA"]
[Date "1998.02.07"]
[Round "2"]
[White "Daly, Colm"]
[Black "Apicella, Manuel"]
[Result "0-1"]
[WhiteElo "2320"]
[BlackElo "2520"]

1.e4 c5 2.Nf3 Nc6 3.Bb5 g6 4.Bxc6 dxc6 5.h3 Bg7 6.d3 Nf6 7.Nc3 Nd7 8.Be3 e5
9.Qd2 Qe7 10.Bh6 f6 11.Bxg7 Qxg7 12.O-O-O Nf8 13.Nh2 Ne6 14.Ne2 Nd4 15.Nxd4 cxd4
16.f4 exf4 17.Qxf4 Be6 18.Rdf1 O-O 19.Qd6 Qd7 20.Qxd7 Bxd7 21.Nf3 c5 22.Kd2 a5
23.a3 a4 24.g4 Rae8 25.Rhg1 Kh8 26.c3 dxc3+ 27.bxc3 c4 28.Nd4 cxd3 29.Kxd3 Re5
30.Rb1 b5 31.Rb4 Rfe8 32.Nf3 R5e7 33.Nd2 f5 34.exf5 gxf5 35.Rg3 Re1 36.Rf3 fxg4
37.hxg4 Rg1 38.Re4 Rxe4 39.Nxe4 Bxg4 40.Rf7 Be6 41.Rb7 Bf5 42.Rxb5 Rg3+ 43.Kd4 Bxe4
44.Kxe4 Rxc3 45.Ra5 Rxa3 46.Ra7 Ra1 47.Kf5 a3 48.Kf6 Rf1+ 49.Kg5 Rf3 50.Ra8+ Kg7
51.Ra7+ Kg8 52.Kg4 Rc3 53.Kg5 Rb3 54.Kf6 Rf3+ 55.Kg5 Rg3+ 56.Kf6 h5 57.Ra4 Kh7
58.Kf5 Kg7 59.Ra7+ Kf8 60.Kf6 Ke8 61.Kf5 h4 62.Kf4 Rb3 63.Rc7 h3 64.Rc2 Rb2
65.Rc1 a2  0-1

[Event "FRA-chT"]
[Site "FRA"]
[Date "1998.02.07"]
[Round "2"]
[White "Weill, Roland"]
[Black "De la Riva Aguado, Oscar"]
[Result "0-1"]
[WhiteElo "2300"]
[BlackElo "2495"]

1.e4 c5 2.Nf3 Nc6 3.Bb5 g6 4.O-O Bg7 5.Re1 Nf6 6.e5 Nd5 7.Nc3 Nc7 8.Bxc6 dxc6
9.b3 O-O 10.Bb2 Ne6 11.Ne4 b6 12.d3 Nd4 13.Nxd4 cxd4 14.f4 c5 15.Qf3 Be6
16.Re2 Qd7 17.Qg3 Rac8 18.Rae1 h6 19.Qh4 Rc6 20.Bc1 Bf5 21.h3 b5 22.Nf2 Qc7
23.g4 Bc8 24.Ne4 a5 25.Rg2 c4 26.bxc4 bxc4 27.dxc4 Bb7 28.c5 Rxc5 29.Nxc5 Bxg2
30.Kxg2 Qxc5 31.Qf2 Rc8 32.Bb2 Qd5+ 33.Kg3 Qxa2 34.Bxd4 Rxc2 35.Qf3 Qc4 36.Qe4 Rd2
37.Qa8+ Kh7 38.Be3 Ra2 39.Qa7 Qc3 40.Rc1 Qd3 41.Qd4 Qe2 42.Bf2 Rd2  0-1